[Event "Madrid ch-sf B"]
[Site "Madrid ESP"]
[Date "2007.01.20"]
[Round "5.10"]
[White "Osorio Ramos, Francisco"]
[Black "Cuadrado Lopez, Francisco Javier"]
[Result "1/2-1/2"]
[WhiteElo "1922"]
[BlackElo "1976"]
[PlyCount "134"]
[EventDate "2007.01.11"]
[EventType "swiss"]
[EventRounds "9"]
[EventCountry "ESP"]
[Source "lmi"]
[SourceDate "2007.01.11"]

1. d4 d5 2. c4 e6 3. Nc3 c6 4. e3 Nf6 5. Nf3 Nbd7 6. Bd3 dxc4 7. Bxc4 b5 8. Bd3
Bb7 9. O-O a6 10. Bd2 c5 11. b3 cxd4 12. exd4 Be7 13. Re1 O-O 14. Ng5 Qb6 15.
Be3 Qa5 16. Bd2 Bb4 17. Nce4 Bxd2 18. Qxd2 Qxd2 19. Nxd2 Rac8 20. Rac1 Nb6 21.
Nde4 Nxe4 22. Bxe4 Bxe4 23. Nxe4 Rfd8 24. Rxc8 Rxc8 25. Nc5 a5 26. Kf1 Kf8 27.
Ke2 Nd5 28. Rc1 Ke7 29. Kd2 Rc7 30. Nd3 Rxc1 31. Kxc1 Nc3 32. Kb2 Ne2 33. Nc5
Nxd4 34. Kc3 e5 35. Nb7 Nc6 36. a4 bxa4 37. bxa4 Kd7 38. Kc4 Kc7 39. Nc5 g6 40.
Kb5 f5 41. Ne6+ Kd6 42. Nf8 e4 43. Nxh7 f4 44. Ng5 e3 45. fxe3 fxe3 46. Ne4+
Ke5 47. Ng3 Kd5 48. Kb6 g5 49. Kb5 Nd4+ 50. Kxa5 Kc4 51. Kb6 Kd3 52. a5 Nf5 53.
a6 Nxg3 54. a7 e2 55. a8=Q Ne4 56. Qa6+ Kd2 57. Qa2+ Ke3 58. Qb1 Nf2 59. Qc1+
Kd3 60. Qe1 Ke3 61. g3 Nd3 62. Qg1+ Kd2 63. h4 gxh4 64. gxh4 e1=Q 65. Qxe1+
Kxe1 66. Kc6 Nf4 67. Kd6 Kf2 1/2-1/2

[Event "Madrid ch-sf B"]
[Site "Madrid ESP"]
[Date "2007.01.20"]
[Round "5.11"]
[White "Baeza Escudero, Javier"]
[Black "Marcos Herreros, Francisco"]
[Result "0-1"]
[WhiteElo "1886"]
[BlackElo "1959"]
[PlyCount "70"]
[EventDate "2007.01.11"]
[EventType "swiss"]
[EventRounds "9"]
[EventCountry "ESP"]
[Source "lmi"]
[SourceDate "2007.01.11"]

1. e4 d6 2. d4 Nf6 3. Nc3 g6 4. f3 c6 5. Be3 Nbd7 6. Qd2 b5 7. g4 Nb6 8. h4 h5
9. g5 Nfd7 10. f4 b4 11. Nd1 a5 12. Nh3 Bb7 13. Bd3 c5 14. b3 Bg7 15. Rf1 cxd4
16. Bg1 Qc7 17. f5 Nc5 18. f6 exf6 19. Bxd4 O-O-O 20. Ne3 Nxe4 21. Bxe4 Bxe4
22. Bxf6 Bxf6 23. gxf6 Rhe8 24. O-O-O d5 25. Qd4 Rd6 26. Ng5 Rc6 27. Rf2 Kb7
28. Qb2 Rc3 29. Re2 Rc8 30. Nxe4 dxe4 31. Nc4 Nxc4 32. bxc4 Qxc4 33. Rd7+ Rc7
34. Red2 e3 35. Rxc7+ Qxc7 0-1

[Event "Madrid ch-sf B"]
[Site "Madrid ESP"]
[Date "2007.01.20"]
[Round "5.12"]
[White "Noriega de la Sierra, Antonio"]
[Black "Rosa Ramirez, Victor D"]
[Result "0-1"]
[WhiteElo "1923"]
[BlackElo "1922"]
[PlyCount "126"]
[EventDate "2007.01.11"]
[EventType "swiss"]
[EventRounds "9"]
[EventCountry "ESP"]
[Source "lmi"]
[SourceDate "2007.01.11"]

1. d4 Nf6 2. c4 e5 3. Nf3 e4 4. Ng5 c6 5. Nc3 d5 6. g3 h6 7. Nh3 dxc4 8. Bg2
Bd6 9. Qc2 Bf5 10. Nf4 g5 11. Nh3 Qd7 12. Ng1 e3 13. Ne4 exf2+ 14. Kxf2 Be7 15.
Nxf6+ Bxf6 16. Qxc4 Bxd4+ 17. e3 Bb6 18. Nf3 Bg6 19. Bd2 Qe7 20. Rhe1 Nd7 21.
Bc3 Rf8 22. Rad1 O-O-O 23. Nd4 Ne5 24. Qe2 f5 25. Kg1 Rfe8 26. Nc2 Rxd1 27.
Rxd1 Ng4 28. Re1 Nxe3 29. Nxe3 Qxe3+ 30. Qxe3 Rxe3 31. Kf1 Rxe1+ 32. Kxe1 Kd7
33. Bg7 h5 34. h3 Ke6 35. Bf1 Bc7 36. Bc4+ Ke7 37. Kf2 Bf7 38. Bd3 Bb6+ 39. Ke2
Be6 40. b3 Kf7 41. Be5 Bd8 42. Bd4 a6 43. Be3 Bf6 44. Kf2 Be7 45. Be2 Kg6 46.
Bd3 c5 47. Bd2 Bf6 48. Ba5 Bd4+ 49. Ke2 Bd5 50. Bb6 Be4 51. Bc4 f4 52. gxf4
gxf4 53. b4 f3+ 54. Kf1 Kg5 55. Bxc5 Bxc5 56. bxc5 Kh4 57. Kf2 Kxh3 58. Be6+
Kh4 59. Bf7 Kg4 60. Be6+ Kf4 61. Bc8 h4 62. Bh3 Bc6 63. Bc8 Ke4 0-1

[Event "Madrid ch-sf B"]
[Site "Madrid ESP"]
[Date "2007.01.26"]
[Round "6.1"]
[White "Sanchez Garcia, Aurelio"]
[Black "Vazquez Gonzalez, Jesus"]
[Result "1-0"]
[WhiteElo "2104"]
[BlackElo "2110"]
[PlyCount "51"]
[EventDate "2007.01.11"]
[EventType "swiss"]
[EventRounds "9"]
[EventCountry "ESP"]
[Source "lmi"]
[SourceDate "2007.01.11"]

1. d4 c5 2. c3 cxd4 3. cxd4 g6 4. e4 Bg7 5. Nf3 d6 6. h3 Nf6 7. Nc3 O-O 8. Be2
Nbd7 9. O-O a6 10. Bg5 h6 11. Bf4 b5 12. e5 dxe5 13. dxe5 Nh7 14. Qb3 Nc5 15.
Qb4 Ne6 16. Rfd1 Bd7 17. Be3 Re8 18. Nd5 a5 19. Qh4 g5 20. Qe4 f5 21. exf6 Nxf6
22. Nxf6+ exf6 23. Qd5 Re7 24. Nd4 Qe8 25. Nf5 Rf7 26. Bh5 1-0

[Event "Madrid ch-sf B"]
[Site "Madrid ESP"]
[Date "2007.01.26"]
[Round "6.2"]
[White "Semprun Martinez, Fernando"]
[Black "Sanz Esteban, Eduardo"]
[Result "1/2-1/2"]
[WhiteElo "2185"]
[BlackElo "1781"]
[PlyCount "57"]
[EventDate "2007.01.11"]
[EventType "swiss"]
[EventRounds "9"]
[EventCountry "ESP"]
[Source "lmi"]
[SourceDate "2007.01.11"]

1. e4 e5 2. Nf3 Nc6 3. Bb5 a6 4. Ba4 Nf6 5. O-O Be7 6. Re1 b5 7. Bb3 d6 8. c3
O-O 9. h3 Na5 10. Bc2 c5 11. d4 Nd7 12. Nbd2 exd4 13. cxd4 Nc6 14. d5 Nce5 15.
Nxe5 Nxe5 16. f4 Ng6 17. Nf3 f5 18. e5 dxe5 19. fxe5 Bb7 20. d6 Bh4 21. Nxh4
Qxh4 22. Qd2 Nf4 23. Qf2 Nxh3+ 24. gxh3 Qxh3 25. Qh2 Qg4+ 26. Kf1 Qf3+ 27. Kg1
Qg4+ 28. Kf1 Qf3+ 29. Kg1 1/2-1/2

[Event "Madrid ch-sf B"]
[Site "Madrid ESP"]
[Date "2007.01.26"]
[Round "6.3"]
[White "Alvarez Abejon, Amilcar"]
[Black "Perez Martinez, Jose Manuel"]
[Result "1/2-1/2"]
[WhiteElo "2086"]
[BlackElo "1974"]
[PlyCount "103"]
[EventDate "2007.01.11"]
[EventType "swiss"]
[EventRounds "9"]
[EventCountry "ESP"]
[Source "lmi"]
[SourceDate "2007.01.11"]

1. e4 e5 2. Nf3 Nc6 3. d4 exd4 4. Bc4 Be7 5. c3 Bf6 6. cxd4 d6 7. Nc3 Nge7 8.
h3 Ng6 9. Nd5 h6 10. O-O O-O 11. Re1 a6 12. Be3 Re8 13. Qc2 Nh4 14. Nxh4 Bxh4
15. Rad1 Be6 16. a3 Na5 17. Ba2 c6 18. Bb1 g6 19. b4 cxd5 20. bxa5 dxe4 21. d5
Bd7 22. Bxh6 Bg5 23. Bxg5 Qxg5 24. Qb3 e3 25. Rxe3 Rxe3 26. Qxe3 Qxe3 27. fxe3
Rc8 28. Be4 Rc5 29. Rb1 Rxa5 30. Rxb7 Bb5 31. Rb6 Rxa3 32. Kf2 Ra2+ 33. Kg3 Kf8
34. Rxd6 Rd2 35. Rb6 Ke7 36. Kf4 Bc4 37. Ke5 Bb5 38. Rb7+ Bd7 39. Ra7 f6+ 40.
Kf4 g5+ 41. Kf3 a5 42. Rxa5 f5 43. Bb1 Kd6 44. Ra6+ Ke5 45. e4 Rb2 46. Ra7 Rxb1
47. Rxd7 Rb3+ 48. Kf2 Kxe4 49. Rg7 Rb2+ 50. Kg1 Kf4 51. d6 Rd2 52. g3+ 1/2-1/2

[Event "Madrid ch-sf B"]
[Site "Madrid ESP"]
[Date "2007.01.26"]
[Round "6.4"]
[White "Martin Martin, Luis Vicente"]
[Black "Sanchez Delgado, Lidia"]
[Result "1-0"]
[WhiteElo "2111"]
[BlackElo "2036"]
[PlyCount "91"]
[EventDate "2007.01.11"]
[EventType "swiss"]
[EventRounds "9"]
[EventCountry "ESP"]
[Source "lmi"]
[SourceDate "2007.01.11"]

1. e4 c5 2. Nf3 Nc6 3. Bb5 Nd4 4. Nxd4 cxd4 5. O-O g6 6. c3 dxc3 7. Nxc3 Bg7 8.
d4 a6 9. Be2 d6 10. Be3 e6 11. Qd2 Ne7 12. Bh6 O-O 13. Bxg7 Kxg7 14. f4 f5 15.
Rae1 fxe4 16. Nxe4 d5 17. Nc5 b6 18. Nd3 Nf5 19. Ne5 b5 20. b4 Qb6 21. Rd1 Ra7
22. Bg4 Nd6 23. Rc1 Nc4 24. Qd3 Qd6 25. Qc3 Qb6 26. a4 Rc7 27. a5 Qd6 28. g3
Re8 29. Nd3 Qe7 30. Nc5 Qf6 31. Rce1 Nd6 32. Re2 Rce7 33. Rfe1 Nf5 34. Re5 Nd6
35. Qd3 Nc4 36. R5e2 Nd6 37. Kg2 Nf5 38. Bxf5 exf5 39. Re5 Qd6 40. R1e3 g5 41.
Qe2 Rxe5 42. Rxe5 Rxe5 43. Qxe5+ Qxe5 44. dxe5 gxf4 45. gxf4 Kf7 46. Kf2 1-0

[Event "Madrid ch-sf B"]
[Site "Madrid ESP"]
[Date "2007.01.26"]
[Round "6.5"]
[White "Avendaño Mateos, Jose"]
[Black "Aziz Ortego, Omar Luis"]
[Result "1-0"]
[WhiteElo "1912"]
[BlackElo "2107"]
[PlyCount "77"]
[EventDate "2007.01.11"]
[EventType "swiss"]
[EventRounds "9"]
[EventCountry "ESP"]
[Source "lmi"]
[SourceDate "2007.01.11"]

1. d4 d5 2. Nf3 c6 3. Bf4 Qb6 4. Qc1 Nf6 5. e3 Bf5 6. Be2 e6 7. O-O c5 8. c4
Nc6 9. Rd1 cxd4 10. exd4 dxc4 11. Bxc4 Rc8 12. Nc3 Be7 13. d5 exd5 14. Bxd5 O-O
15. Be3 Qa5 16. Bxc6 Rxc6 17. Nd4 Rc4 18. Qd2 Bg6 19. Qe2 Rfc8 20. Nb3 Qe5 21.
Nd2 Rh4 22. Nf3 Qh5 23. Nxh4 Qxh4 24. Rd4 Qh5 25. Qxh5 Bxh5 26. Bg5 h6 27. Re1
Kf8 28. Bf4 Bg4 29. Bd6 Be6 30. Bxe7+ Kxe7 31. h3 a6 32. a3 Kf8 33. Red1 Ke7
34. f3 g5 35. f4 Nh5 36. f5 Bxf5 37. g4 Nf4 38. gxf5 Kf6 39. Nd5+ 1-0

[Event "Madrid ch-sf B"]
[Site "Madrid ESP"]
[Date "2007.01.26"]
[Round "6.6"]
[White "Collado Barbas, Laura"]
[Black "Garcia Serrano, Jose Manuel"]
[Result "1/2-1/2"]
[WhiteElo "1828"]
[BlackElo "1914"]
[PlyCount "38"]
[EventDate "2007.01.11"]
[EventType "swiss"]
[EventRounds "9"]
[EventCountry "ESP"]
[Source "lmi"]
[SourceDate "2007.01.11"]

1. d4 d5 2. c4 Nc6 3. Nc3 Nf6 4. Nf3 Bg4 5. e3 e5 6. cxd5 Nxd5 7. Qb3 Bxf3 8.
gxf3 Bb4 9. a3 Ba5 10. Qxb7 Nce7 11. Qb5+ c6 12. Qd3 exd4 13. exd4 O-O 14. Be2
Ng6 15. b4 Ndf4 16. Bxf4 Nxf4 17. Qe4 Bc7 18. Rd1 Re8 19. Qxc6 Rc8 1/2-1/2

[Event "Madrid ch-sf B"]
[Site "Madrid ESP"]
[Date "2007.01.26"]
[Round "6.7"]
[White "Vazquez Torres, Adrian"]
[Black "Marcos Herreros, Francisco"]
[Result "0-1"]
[WhiteElo "1702"]
[BlackElo "1959"]
[PlyCount "104"]
[EventDate "2007.01.11"]
[EventType "swiss"]
[EventRounds "9"]
[EventCountry "ESP"]
[Source "lmi"]
[SourceDate "2007.01.11"]

1. e4 d6 2. d4 Nf6 3. Nc3 g6 4. Be3 c6 5. Nf3 Bg7 6. Be2 Bg4 7. h3 Bxf3 8. Bxf3
O-O 9. O-O Nbd7 10. Qd2 Re8 11. Rae1 e5 12. d5 c5 13. Be2 a6 14. a4 Qa5 15. Bc4
Nb6 16. Bb3 Rac8 17. Qe2 c4 18. Bxb6 Qxb6 19. a5 Qc5 20. Ba4 Rf8 21. Ra1 Nh5
22. Kh2 Rc7 23. g3 Qb4 24. Qe3 Qxa5 25. Rfb1 Qc5 26. Qxc5 Rxc5 27. Bd7 Nf6 28.
Bg4 Nxg4+ 29. hxg4 f5 30. gxf5 gxf5 31. exf5 Rxf5 32. Ne4 Rxd5 33. Rd1 Rd4 34.
Rxd4 exd4 35. Kg2 Rd5 36. Rd1 b5 37. c3 dxc3 38. Rxd5 cxb2 39. Rd1 c3 40. Nxc3
Bxc3 41. Kf3 Bd2 42. Rb1 Bc1 43. Ke2 Kf7 44. Kd3 Ke6 45. Kd4 a5 46. Kc3 Ke5 47.
f4+ Ke4 48. Kb3 d5 49. Ka2 d4 50. f5 Kxf5 51. g4+ Kxg4 52. Ka3 h5 0-1

[Event "Madrid ch-sf B"]
[Site "Madrid ESP"]
[Date "2007.01.26"]
[Round "6.8"]
[White "Lopez de Turiso, Jose Angel"]
[Black "Sanchez Alarcos, Victor"]
[Result "1/2-1/2"]
[WhiteElo "2171"]
[BlackElo "1876"]
[PlyCount "92"]
[EventDate "2007.01.11"]
[EventType "swiss"]
[EventRounds "9"]
[EventCountry "ESP"]
[Source "lmi"]
[SourceDate "2007.01.11"]

1. e4 e6 2. c4 c5 3. Nc3 Nc6 4. Nf3 a6 5. d4 cxd4 6. Nxd4 Qc7 7. Be2 Nf6 8. Be3
Bb4 9. f3 O-O 10. Qb3 Bd6 11. g3 Nxd4 12. Bxd4 Bc5 13. O-O-O d6 14. Kb1 Bd7 15.
Rd2 Bc6 16. Rhd1 Nd7 17. f4 Rad8 18. Bf3 f5 19. Bg2 e5 20. fxe5 dxe5 21. Nd5
Bxd5 22. cxd5 Qb6 23. Qxb6 Bxb6 24. Bxb6 Nxb6 25. exf5 Rxf5 26. Bh3 Rf6 27.
Be6+ Kf8 28. b3 Ke7 29. Kc2 Kd6 30. Re1 Rdf8 31. Ree2 Na8 32. Bh3 Nc7 33. a4 a5
34. Kb2 Na6 35. Bg2 Nc5 36. Ka3 Rh6 37. h4 Rg6 38. Re3 Rg4 39. Rde2 Re8 40. Rf3
Re7 41. Rf8 Rb4 42. Re3 b6 43. Rd8+ Kc7 44. Rf8 Kd6 45. Rd8+ Kc7 46. Rf8 Kd6
1/2-1/2

[Event "Madrid ch-sf B"]
[Site "Madrid ESP"]
[Date "2007.01.26"]
[Round "6.9"]
[White "Rodrigo Yanguas, Maria"]
[Black "Valderrama Arroyo, Victor"]
[Result "1/2-1/2"]
[WhiteElo "1969"]
[BlackElo "1843"]
[PlyCount "94"]
[EventDate "2007.01.11"]
[EventType "swiss"]
[EventRounds "9"]
[EventCountry "ESP"]
[Source "lmi"]
[SourceDate "2007.01.11"]

1. e4 c5 2. Nc3 Nc6 3. f4 e6 4. Nf3 Nge7 5. g3 g6 6. Bg2 Bg7 7. O-O O-O 8. d3
d6 9. Be3 e5 10. Qd2 f5 11. fxe5 Nxe5 12. Rae1 Qb6 13. Qc1 Nxf3+ 14. Rxf3 Be6
15. Bh6 fxe4 16. Rxe4 d5 17. Re1 Rxf3 18. Bxf3 Rf8 19. Bg2 c4+ 20. Kh1 cxd3 21.
cxd3 Bxh6 22. Qxh6 Nf5 23. Nxd5 Qxb2 24. Qc1 Qxc1 25. Rxc1 Rb8 26. Rc7 b6 27.
Nf6+ Kf8 28. Nxh7+ Ke8 29. Rxa7 Rc8 30. Ra8 Rxa8 31. Bxa8 Bxa2 32. Nf6+ Kf7 33.
Nd5 Bxd5+ 34. Bxd5+ Kf6 35. Kg1 b5 36. Kf2 b4 37. Ke1 Nd4 38. Kd1 Ke5 39. Bg8
Nf3 40. h4 Kd4 41. Bc4 Ne5 42. Kc2 Nxc4 43. dxc4 Kxc4 44. g4 Kd5 45. h5 gxh5
46. gxh5 Ke6 47. h6 Kf7 1/2-1/2

[Event "Madrid ch-sf B"]
[Site "Madrid ESP"]
[Date "2007.01.26"]
[Round "6.12"]
[White "Baeza Escudero, Javier"]
[Black "Osorio Ramos, Francisco"]
[Result "1/2-1/2"]
[WhiteElo "1886"]
[BlackElo "1922"]
[PlyCount "153"]
[EventDate "2007.01.11"]
[EventType "swiss"]
[EventRounds "9"]
[EventCountry "ESP"]
[Source "lmi"]
[SourceDate "2007.01.11"]

1. e4 c5 2. Nf3 e6 3. d4 cxd4 4. Nxd4 Nf6 5. Nc3 Nc6 6. Ndb5 Bb4 7. a3 Bxc3+ 8.
Nxc3 d5 9. Bd3 d4 10. Ne2 e5 11. O-O O-O 12. f4 Re8 13. f5 h6 14. h3 a6 15. g4
Nh7 16. Kh2 b5 17. Ng3 f6 18. Rg1 Ra7 19. Bd2 Na5 20. Qe2 Rd7 21. h4 Nc6 22.
Nh1 Bb7 23. Nf2 Kh8 24. Rg2 Rg8 25. Rag1 Qf8 26. g5 fxg5 27. hxg5 hxg5 28. Rh1
Rd6 29. Ng4 Rh6+ 30. Nxh6 gxh6 31. Kg1 Nd8 32. Rgh2 Nf7 33. a4 Nf6 34. axb5
axb5 35. Kf1 Kg7 36. c3 Qa8 37. cxd4 Qa1+ 38. Be1 exd4 39. e5 Nxe5 40. Qxe5 Re8
41. Qc7+ Kf8 42. Re2 Rxe2 43. Bxe2 Bxh1 44. Qd8+ Kf7 45. Qxd4 Qa8 46. Qf2 Qb7
47. Bc3 Ne4 48. Bh5+ Kf8 49. Qe3 Qd5 50. f6 Qf5+ 51. Ke1 Nxf6 52. Bb4+ Kg8 53.
Qe7 Qe4+ 54. Qxe4 Nxe4 55. Be8 Nf6 56. Bxb5 g4 57. Kf2 Kg7 58. Bc3 Kg6 59. Bd3+
Be4 60. Bxf6 Bxd3 61. Bh4 Kf5 62. Ke3 Be4 63. b4 h5 64. b5 Bb7 65. b6 Bc6 66.
Bg3 Kg5 67. Bh2 h4 68. Kf2 Kf5 69. Bc7 Ke4 70. Bb8 Kd3 71. Bg3 h3 72. Bc7 Ke4
73. Kg3 Kf5 74. Bb8 Bf3 75. Bc7 Ke6 76. Kh2 Kd7 77. Kg3 1/2-1/2

[Event "Madrid ch-sf B"]
[Site "Madrid ESP"]
[Date "2007.01.27"]
[Round "7.1"]
[White "Sanz Esteban, Eduardo"]
[Black "Sanchez Garcia, Aurelio"]
[Result "0-1"]
[WhiteElo "1781"]
[BlackElo "2104"]
[PlyCount "104"]
[EventDate "2007.01.11"]
[EventType "swiss"]
[EventRounds "9"]
[EventCountry "ESP"]
[Source "lmi"]
[SourceDate "2007.01.11"]

1. e4 d5 2. exd5 Qxd5 3. Nc3 Qd8 4. d4 Nf6 5. Nf3 c6 6. g3 Bf5 7. Bg2 e6 8. Bf4
h6 9. O-O Be7 10. Ne5 O-O 11. Re1 Nbd7 12. Nxd7 Qxd7 13. Qd2 Nd5 14. Nxd5 cxd5
15. Bf1 Rfc8 16. c3 b5 17. Rac1 a5 18. a3 Qb7 19. Qe2 b4 20. cxb4 axb4 21. axb4
Qxb4 22. Qb5 Qxb5 23. Bxb5 Bf6 24. Be5 Bxe5 25. dxe5 Rcb8 26. Bf1 Rxb2 27. Re2
Rxe2 28. Bxe2 g5 29. g4 Bg6 30. f3 Ra2 31. Bb5 Rb2 32. Ba6 Rb1 33. Rxb1 Bxb1
34. Kf2 f6 35. exf6 e5 36. Bb7 Ba2 37. Bc8 Kf7 38. Bf5 Kxf6 39. Ke3 Ke7 40. Kd2
Kd6 41. Kc3 Kc5 42. Kd2 Kd4 43. Bd3 Bc4 44. Bc2 e4 45. fxe4 dxe4 46. Bd1 e3+
47. Ke1 Ke5 48. Bf3 Kf4 49. Bd1 Bd5 50. h3 Bf3 51. Bc2 Kg3 52. Bf5 Kxh3 0-1

[Event "Madrid ch-sf B"]
[Site "Madrid ESP"]
[Date "2007.01.27"]
[Round "7.2"]
[White "Alvarez Abejon, Amilcar"]
[Black "Semprun Martinez, Fernando"]
[Result "1/2-1/2"]
[WhiteElo "2086"]
[BlackElo "2185"]
[PlyCount "60"]
[EventDate "2007.01.11"]
[EventType "swiss"]
[EventRounds "9"]
[EventCountry "ESP"]
[Source "lmi"]
[SourceDate "2007.01.11"]

1. d4 d5 2. c4 dxc4 3. Nf3 Nf6 4. e3 e6 5. Bxc4 c5 6. O-O a6 7. Bd3 Nbd7 8. a4
b6 9. Nc3 Bb7 10. Qe2 Be7 11. Rd1 Qc7 12. e4 cxd4 13. Nxd4 Qe5 14. Nf3 Qh5 15.
Bf4 O-O 16. e5 Nd5 17. Nxd5 Bxd5 18. Be4 Bxe4 19. Rxd7 Bxf3 20. Qxf3 Qxf3 21.
gxf3 Bc5 22. Be3 Rac8 23. Rad1 h6 24. f4 Kh7 25. R1d3 Kg6 26. Bd2 a5 27. Rg3+
Kh7 28. Rgd3 Kg6 29. Rg3+ Kh7 30. Rgd3 Kg6 1/2-1/2

[Event "Madrid ch-sf B"]
[Site "Madrid ESP"]
[Date "2007.01.27"]
[Round "7.3"]
[White "Vazquez Gonzalez, Jesus"]
[Black "Martin Martin, Luis Vicente"]
[Result "1-0"]
[WhiteElo "2110"]
[BlackElo "2111"]
[PlyCount "87"]
[EventDate "2007.01.11"]
[EventType "swiss"]
[EventRounds "9"]
[EventCountry "ESP"]
[Source "lmi"]
[SourceDate "2007.01.11"]

1. e4 e6 2. d4 d5 3. exd5 exd5 4. Bd3 c5 5. dxc5 Bxc5 6. Nf3 Nf6 7. O-O O-O 8.
Bg5 h6 9. Bh4 Nc6 10. c3 Bg4 11. Re1 Qd6 12. Bg3 Qd7 13. Nbd2 Rfe8 14. Qc2 Rac8
15. Ne5 Nxe5 16. Bxe5 Be7 17. h3 Be6 18. Nf3 Bd6 19. Rad1 Qc7 20. Bxf6 gxf6 21.
Nd4 a6 22. Nf5 Bf8 23. Qa4 Bg7 24. Nxg7 Kxg7 25. Re3 Rg8 26. Qh4 f5 27. Rde1
Qd8 28. Qh5 Qf6 29. Rf3 f4 30. Qe5 Qxe5 31. Rxe5 d4 32. cxd4 Bxa2 33. Rxf4 Rc1+
34. Kh2 Rd1 35. Be2 Rd2 36. Bh5 Rd8 37. Re7 Rxb2 38. Bxf7 Bxf7 39. Rfxf7+ Kg8
40. Rxb7 Rxd4 41. Rxb2 Kxf7 42. Rb6 Rf4 43. Rxh6 Rxf2 44. Rxa6 1-0

[Event "Madrid ch-sf B"]
[Site "Madrid ESP"]
[Date "2007.01.27"]
[Round "7.4"]
[White "Perez Martinez, Jose Manuel"]
[Black "Avendaño Mateos, Jose"]
[Result "1/2-1/2"]
[WhiteElo "1974"]
[BlackElo "1912"]
[PlyCount "90"]
[EventDate "2007.01.11"]
[EventType "swiss"]
[EventRounds "9"]
[EventCountry "ESP"]
[Source "lmi"]
[SourceDate "2007.01.11"]

1. e4 c6 2. d4 d5 3. exd5 cxd5 4. Nf3 Nc6 5. Bd3 Nf6 6. O-O Bg4 7. c3 e6 8. h3
Bh5 9. Re1 Be7 10. Nbd2 O-O 11. Nf1 a6 12. Ng3 Bg6 13. Bxg6 hxg6 14. Qd3 b5 15.
Bd2 Na5 16. b3 Rc8 17. Ne5 Nc6 18. f4 Qb6 19. a3 a5 20. b4 Ra8 21. Kh2 Ra7 22.
a4 axb4 23. Nxc6 Qxc6 24. axb5 Qb6 25. cxb4 Rb8 26. Ra5 Rxa5 27. bxa5 Qxb5 28.
Qxb5 Rxb5 29. Ra1 Rb7 30. Ne2 Ne4 31. Be1 Ra7 32. Nc1 Ra6 33. Nd3 Kf8 34. Ne5
Nd6 35. Rb1 Bd8 36. Nd7+ Ke7 37. Nb8 Ra8 38. a6 Bc7 39. a7 Kf6 40. Nc6 Nc8 41.
Rb7 Bxf4+ 42. Bg3 Bxg3+ 43. Kxg3 g5 44. Rb8 Nxa7 45. Rxa8 Nxc6 1/2-1/2

[Event "Madrid ch-sf B"]
[Site "Madrid ESP"]
[Date "2007.01.27"]
[Round "7.5"]
[White "Aziz Ortego, Omar Luis"]
[Black "Sanchez Delgado, Lidia"]
[Result "1-0"]
[WhiteElo "2107"]
[BlackElo "2036"]
[PlyCount "93"]
[EventDate "2007.01.11"]
[EventType "swiss"]
[EventRounds "9"]
[EventCountry "ESP"]
[Source "lmi"]
[SourceDate "2007.01.11"]

1. e4 c5 2. Nc3 Nc6 3. g3 g6 4. Bg2 Bg7 5. f4 d6 6. d3 e6 7. Nge2 Nge7 8. O-O
O-O 9. Be3 Nd4 10. h3 Nec6 11. g4 f5 12. gxf5 exf5 13. Rb1 Be6 14. Nd5 Qd7 15.
Kh2 Nxe2 16. Qxe2 Rae8 17. Qd2 b5 18. b4 Bxd5 19. exd5 Nxb4 20. Bf2 Nxa2 21. d4
cxd4 22. Bxd4 Bxd4 23. Qxd4 Rc8 24. Ra1 Rxc2 25. Rf2 Rc4 26. Qb2 Nb4 27. Bf1
Re4 28. Qd2 Rc8 29. Rc1 Rxc1 30. Qxc1 a5 31. Qd2 a4 32. Bg2 Rc4 33. Rf3 Qf7 34.
Re3 Rxf4 35. Rc3 g5 36. Rc8+ Kg7 37. Qc3+ Kg6 38. Qh8 Kh5 39. Rf8 Qe7 40. Re8
Qf7 41. Rg8 Kh6 42. Rf8 Qe7 43. Rf6+ Kh5 44. Re6 Qf7 45. Qd8 Qg7 46. Qe8+ Kh4
47. Qg8 1-0

[Event "Madrid ch-sf B"]
[Site "Madrid ESP"]
[Date "2007.01.27"]
[Round "7.6"]
[White "Marcos Herreros, Francisco"]
[Black "Collado Barbas, Laura"]
[Result "0-1"]
[WhiteElo "1959"]
[BlackElo "1828"]
[PlyCount "42"]
[EventDate "2007.01.11"]
[EventType "swiss"]
[EventRounds "9"]
[EventCountry "ESP"]
[Source "lmi"]
[SourceDate "2007.01.11"]

1. e4 c6 2. d4 d5 3. exd5 cxd5 4. Bd3 Nc6 5. c3 Nf6 6. Bf4 Bg4 7. Qb3 Qc8 8.
Nd2 e6 9. h3 Bh5 10. Ngf3 Bg6 11. Bxg6 hxg6 12. O-O Be7 13. Rfe1 O-O 14. Re2 a6
15. Rae1 b5 16. Qc2 Qb7 17. g4 Rfc8 18. Rxe6 fxe6 19. Qxg6 Bf8 20. Rxe6 Qf7 21.
Rxf6 Qxf6 0-1

[Event "Madrid ch-sf B"]
[Site "Madrid ESP"]
[Date "2007.01.27"]
[Round "7.7"]
[White "Garcia Serrano, Jose Manuel"]
[Black "Rosa Ramirez, Victor D"]
[Result "1/2-1/2"]
[WhiteElo "1914"]
[BlackElo "1922"]
[PlyCount "45"]
[EventDate "2007.01.11"]
[EventType "swiss"]
[EventRounds "9"]
[EventCountry "ESP"]
[Source "lmi"]
[SourceDate "2007.01.11"]

1. e4 e6 2. d4 d5 3. Nc3 Nf6 4. Bg5 dxe4 5. Nxe4 Be7 6. Bxf6 Bxf6 7. Nf3 Nd7 8.
Bd3 b6 9. Qe2 O-O 10. O-O-O Bb7 11. g4 Qc8 12. g5 Be7 13. Rhg1 c5 14. Ne5 Nxe5
15. dxe5 Bxe4 16. Bxe4 Rb8 17. Qh5 g6 18. Qh4 Rd8 19. Qf4 Rxd1+ 20. Rxd1 Qe8
21. h4 Rd8 22. Rh1 Rd4 23. c3 1/2-1/2

[Event "Madrid ch-sf B"]
[Site "Madrid ESP"]
[Date "2007.01.27"]
[Round "7.8"]
[White "Valderrama Arroyo, Victor"]
[Black "Lopez de Turiso, Jose Angel"]
[Result "0-1"]
[WhiteElo "1843"]
[BlackElo "2171"]
[PlyCount "92"]
[EventDate "2007.01.11"]
[EventType "swiss"]
[EventRounds "9"]
[EventCountry "ESP"]
[Source "lmi"]
[SourceDate "2007.01.11"]

1. d4 d5 2. c4 Bf5 3. Nc3 e6 4. Nf3 Nc6 5. cxd5 exd5 6. a3 Nf6 7. Bg5 Be7 8. e3
Ne4 9. Nxe4 Bxe4 10. Bxe7 Nxe7 11. Nd2 Bg6 12. Nb3 O-O 13. Rc1 c6 14. Bd3 Qd6
15. O-O a5 16. Bxg6 Qxg6 17. Nc5 Nf5 18. Qc2 Nd6 19. Qxg6 hxg6 20. b3 Rfe8 21.
Rfe1 Re7 22. Nd3 f6 23. a4 Kf7 24. Re2 Nf5 25. Rec2 g5 26. h3 Ke6 27. g3 Kd7
28. Kg2 Kc7 29. b4 axb4 30. Nxb4 Kd7 31. Nd3 Nd6 32. Nc5+ Kc7 33. Ra2 b6 34.
Nd3 Nc4 35. Rca1 Kd6 36. Nc1 Na5 37. Rb1 Rb7 38. Nb3 Kc7 39. Nd2 Nc4 40. Nxc4
dxc4 41. Rb4 b5 42. d5 c5 43. Rb1 b4 44. Rc1 b3 45. Ra3 c3 46. d6+ Kd7 0-1

[Event "Madrid ch-sf B"]
[Site "Madrid ESP"]
[Date "2007.01.27"]
[Round "7.9"]
[White "Vazquez Torres, Adrian"]
[Black "Cuadrado Lopez, Francisco Javier"]
[Result "1/2-1/2"]
[WhiteElo "1702"]
[BlackElo "1976"]
[PlyCount "62"]
[EventDate "2007.01.11"]
[EventType "swiss"]
[EventRounds "9"]
[EventCountry "ESP"]
[Source "lmi"]
[SourceDate "2007.01.11"]

1. e4 e5 2. Nf3 Nc6 3. Bb5 a6 4. Ba4 Nf6 5. O-O b5 6. Bb3 Be7 7. Re1 O-O 8. c3
d5 9. exd5 Nxd5 10. d4 exd4 11. cxd4 Bf6 12. Nc3 Nxc3 13. bxc3 Bg4 14. Qd3 Ne7
15. Ba3 Re8 16. Qe4 Bh5 17. Ne5 Bg6 18. Nxg6 hxg6 19. Bxe7 Rxe7 20. Qf3 Rb8 21.
Kf1 Qd6 22. Rxe7 Qxe7 23. Re1 Qd6 24. g3 a5 25. Qe4 Kf8 26. a3 a4 27. Ba2 Rd8
28. Re2 Qxa3 29. Qc6 Qd6 30. Qxb5 a3 31. Qb3 Rd7 1/2-1/2